| 000 | 00574nam a2200181Ia 4500 | ||
|---|---|---|---|
| 003 | GCL | ||
| 008 | 140319s9999 xx 000 0 ara d | ||
| 040 |
_aGCL / _cGCL |
||
| 082 | 0 | 4 |
_a813.01 _bى ا |
| 100 | 1 | _aيوسف جوهر | |
| 245 | 1 | 0 |
_aامهات فى المنفى / _cيوسف جوهر |
| 260 |
_aالقاهرة : _bالهيئة المصرية العامة للكتاب ، _c1994 |
||
| 300 |
_a273 ص ؛ _c18 سم |
||
| 490 |
_aمؤلفات يوسف جوهر _v7 |
||
| 650 | 0 | 4 | _aالادب العربى |
| 650 | 0 | 4 | _aالقصص العربية |
| 942 |
_2ddc _cBK |
||
| 999 |
_c35150 _d35150 |
||